LIBRARY ONLINE CATALOGUE

Microelectronics : (Record no. 8551)

MARC details
000 -LEADER
fixed length control field 00664nam a22002172 4500
001 - CONTROL NUMBER
control field 0000018398
005 - DATE AND TIME OF LATEST TRANSACTION
control field 20151217152127.0
008 - FIXED-LENGTH DATA ELEMENTS--GENERAL INFORMATION
fixed length control field 091026s xx 000 0 eng d
020 ## - INTERNATIONAL STANDARD BOOK NUMBER
International Standard Book Number 0071254439 :
040 ## - CATALOGING SOURCE
Original cataloging agency KABU
Transcribing agency KABU
100 1# - MAIN ENTRY--PERSONAL NAME
Personal name Neamen, Donald A.
-- 0000169620
245 10 - TITLE STATEMENT
Title Microelectronics :
Remainder of title circuit analysis and design /
Statement of responsibility, etc. Donald A. Neamen.
250 ## - EDITION STATEMENT
Edition statement 3rd ed.
260 ## - PUBLICATION, DISTRIBUTION, ETC. (IMPRINT)
Place of publication, distribution, etc. New York :
Name of publisher, distributor, etc. McGraw-Hill,
Date of publication, distribution, etc. 2007.
300 ## - PHYSICAL DESCRIPTION
Extent xxi, 1370 p.
650 #0 - SUBJECT ADDED ENTRY--TOPICAL TERM
Topical term or geographic name as entry element Electronic circuits.
-- 0000148505
650 #0 - SUBJECT ADDED ENTRY--TOPICAL TERM
Topical term or geographic name as entry element Electronic circuit design.
-- 0000157364
852 1# - LOCATION
-- p2395 KES
908 ## - PUT COMMAND PARAMETER (RLIN)
Put command parameter 091026
950 ## - LOCAL HOLDINGS (RLIN)
-- 1
Holdings
Withdrawn status Lost status Source of classification or shelving scheme Not for loan Home library Current library Date acquired Total Checkouts Full call number Barcode Date last seen Date last checked out Price effective from Koha item type
    Library of Congress Classification   Kabarak, Main Campus Kabarak, Main Campus 17/12/2015 4 TK7867 .N43 2007 c. 1 18214 21/04/2017 05/04/2017 17/12/2015 General Collection